000 01055nam a2200265 i 4500
001 21518
003 ES-MaACL
005 20240120122327.0
007 t|
008 211125s2016 ag a 00110dspa d
020 _a978-987-33-9944-2
100 1 _aGrima, Donato (
_d1949-)
_9173846
245 1 0 _aDonato Grima :
_bantología de obras / textos, Avelina Lesper, Antonio Manuel Campoy, Antonio Urrrutia ... [et al.].
250 _a1ª ed.
260 _aSan Miguel de Tucumán, [Argentina] :
_b[D. Grima],
_c2016 (
_fIndustrias Gráf. A 4)
300 _a140 p. :
_bprincipalmente il. col. ;
_c32 x 32 cm.
600 1 4 _aGrima, Donato (
_d1949-)
_9173846
700 1 _aLesper, Avelina.
_9173847
700 1 _aCampoy, A. M.,
_d1924-1993
_934292
700 1 _aUrrrutia, Antonio.
_9173848
852 4 _aES-MaACL
_jA-14793
_9 22277
_bR.152186
_cDEPO1
_dOlim: N-7793
_gDedicatoria autógrafa del autor
_hDonacion: Donato Grima
_x Encuadernación en cartoné
903 _9173846
_aGrima, Donato (
_d1949-)
_ednr
942 _2udc
999 _c21518
_d21518